<?xml version="1.0" encoding="UTF-8"?>
<marc:record xmlns:marc="http://www.loc.gov/MARC21/slim">
   <marc:leader>00000nam a2200000 a 4500</marc:leader>
   <marc:datafield ind1="1" ind2=" " tag="100">
      <marc:subfield code="a">Streeruwitz, Marlene</marc:subfield>
      <marc:subfield code="4">aut</marc:subfield>
      <marc:subfield code="e">Verfasser/-in</marc:subfield>
   </marc:datafield>
   <marc:datafield ind1="0" ind2="0" tag="245">
      <marc:subfield code="a">Entfernung</marc:subfield>
   </marc:datafield>
   <marc:datafield ind1="0" ind2="0" tag="245">
      <marc:subfield code="b">31 Abschnitte ; Roman</marc:subfield>
   </marc:datafield>
   <marc:datafield ind1="0" ind2="0" tag="245">
      <marc:subfield code="c">Marlene Streeruwitz</marc:subfield>
   </marc:datafield>
   <marc:datafield ind1=" " ind2="1" tag="264">
      <marc:subfield code="a">Frankfurt a. M.</marc:subfield>
      <marc:subfield code="b">Fischer</marc:subfield>
      <marc:subfield code="c">2006</marc:subfield>
   </marc:datafield>
   <marc:datafield ind1="1" ind2=" " tag="520">
      <marc:subfield code="a">Selma, 49, auf eigenen Wunsch kinderlos und unverheiratet, jahrelang in einer glücklichen Beziehung, erfolgreich in ihrem Beruf als Kulturmanagerin für die Wiener Festspiele, steht plötzlich vor den Trümmern ihrer Beziehung und ihrer Karriere. Ihr Lebenspartner verlässt sie für seine langjährige Geliebte und Mutter eines gemeinsamen Sohnes, ihr Vorgesetzter entlässt sie, um ihren Posten mit einer Jüngeren zu besetzen, und so zieht Selma als "Witwe des eigenen Lebens" zu ihrem Vater zurück, in die Wohnung ihrer Kindheit, in die Erinnerungen an ihre Mutter, um sich in diesem sicheren Nest aus den Trümmern ihrer Vergangenheit neu zusammen zu setzen.&lt;br/&gt;&lt;br/&gt;</marc:subfield>
   </marc:datafield>
   <marc:datafield ind1=" " ind2=" " tag="020">
      <marc:subfield code="a">9783100744326</marc:subfield>
      <marc:subfield code="9">9783100744326</marc:subfield>
   </marc:datafield>
   <marc:datafield ind1=" " ind2=" " tag="041">
      <marc:subfield code="a">ger</marc:subfield>
   </marc:datafield>
   <marc:datafield ind1="1" ind2=" " tag="521">
      <marc:subfield code="a">0</marc:subfield>
   </marc:datafield>
   <marc:datafield ind1=" " ind2=" " tag="300">
      <marc:subfield code="a">474 S.</marc:subfield>
   </marc:datafield>
</marc:record>
